[Event "FRA-chT4 0809"]
[Site "France "]
[Date "2009.02.08"]
[Round "6"]
[White "Camus, Jean"]
[Black "Blanc, Regis"]
[Result "1/2-1/2"]
[WhiteElo "1840"]
[BlackElo "1816"]
[PlyCount "69"]
[EventDate "2008.10.??"]
[EventType "team-tourn"]
[EventRounds "9"]
[EventCountry "FRA"]
[SourceTitle "EXT 2010"]
[Source "ChessBase"]
[SourceDate "2010.11.25"]
[SourceVersion "1"]
[SourceVersionDate "2010.11.25"]
[SourceQuality "1"]

1. d4 d6 2. c4 Nf6 3. Nc3 Nbd7 4. e4 e5 5. d5 a5 6. Be3 Be7 7. Nf3 0-0 8. Nd2 Re8 9. Be2 Nf8 10. 0-0 Ng6 11. f4 exf4 12. Bxf4 Nxf4 13. Rxf4 c6 14. Qb3 Nd7 15. Rf2 Bg5 16. Ncb1 Nc5 17. Qf3 Qf6 18. Qa3 Qh6 19. Qf3 Re7 20. e5 Be3 21. exd6 Bxf2+ 22. Qxf2 Qxd6 23. Nc3 Bd7 24. Rd1 Rae8 25. dxc6 Qxc6 26. Bf3 Qc8 27. Nd5 Re6 28. Bh5 g6 29. Nf6+ Rxf6 30. Qxf6 gxh5 31. Qg5+ Kh8 32. Qf6+ Kg8 33. Qg5+ Kf8 34. Qh6+ Ke7 35. Qg5+ 1/2-1/2